MARC

LEADER 00000nam0a2200000 4500
001 151040
005 20231031150349.0
035 |a (RuTPU)RU\TPU\book\163771 
090 |a 151040 
100 |a 20090117d1972 m y0rusy50 ca 
101 0 |a rus 
102 |a KZ 
105 |a a z 001zy 
200 1 |a Орловское рудное поле на Рудном Алтае  |e геология, структура, вещественный состав и морфология рудных тел  |f В. М. Волков [и др.]  |g Академия наук Казахской ССР (АН КазССР), Институт геологических наук им. К. И. Сатпаева 
210 |a Алма-Ата  |c Наука  |d 1972 
215 |a 109 с.  |c ил. 
320 |a Библиогр.: с. 105-108. 
610 1 |a геология 
610 1 |a структура 
610 1 |a вещественный состав 
610 1 |a морфология 
610 1 |a рудные месторождения 
610 1 |a Рудный Алтай 
675 |a 553.3/4  |v 3 
701 1 |a Волков  |b В. М.  |g Владимир Михайлович 
701 1 |a Гинатулин  |b А. М.  |g Амир Минулович 
701 1 |a Сахаров  |b И. Т.  |g Иван Тимофеевич 
701 1 |a Чекалова  |b К. А.  |g Капитолина Андреевна 
712 0 2 |a Академия наук Казахской ССР (АН КазССР)  |b Институт геологических наук им. К. И. Сатпаева (ИГН)  |c (Алма-Ата)  |2 stltpush  |3 (RuTPU)RU\TPU\col\5163 
801 1 |a RU  |b 63413507  |c 20090117  |g PSBO 
801 2 |a RU  |b 63413507  |c 20091026  |g PSBO 
942 |c BK